000
00325nam a22001457a 4500
003
SGT
020
_a
978817315225X
082
_a
920.72
_b
R97S
100
_a
SINHA, MRIDULA
245
_a
RAJPATH SE LOKPATH PAR
260
_a
INDIA
_b
PRABHAT PRAKASHAN
_c
1997
300
_a
340
650
_a
INDIAN HISTORY
942
_2
ddc
_c
BK
999
_c
26285
_d
26285